[Event "4NCL Online Division 4"]
[Site "online"]
[Date "2020.11.03"]
[Round "6.21"]
[White "Adam, David W"]
[Black "Kruitbosch, Gijs"]
[Result "1-0"]
[WhiteElo "1758"]
[BlackElo "1840"]
[PlyCount "91"]
[EventDate "2020.11.03"]
[WhiteTeam "Bradford DCA Knights B"]
[BlackTeam "Wigston 2"]

1. c4 g6 2. d3 Bg7 3. Nc3 Nf6 4. g3 O-O 5. Bg2 c6 6. e4 d6 7. Nge2 Be6 8. O-O
c5 9. Nf4 Bc8 10. h3 Nbd7 11. Be3 Nb6 12. g4 e5 13. Nfe2 Bd7 14. Ng3 Qc8 15. f3
a6 16. Qd2 Na4 17. g5 Ne8 18. Nd5 Qd8 19. h4 Nb6 20. Nxb6 Qxb6 21. Rab1 a5 22.
h5 f5 23. exf5 Bxf5 24. Nxf5 Rxf5 25. Bh3 Rf8 26. Be6+ Kh8 27. h6 Nc7 28. hxg7+
Kxg7 29. Bg4 Qb4 30. Qh2 h5 31. gxh6+ Kh7 32. f4 e4 33. Bd2 Qa4 34. f5 Qe8 35.
fxg6+ Qxg6 36. Qg2 Rae8 37. Rbe1 e3 38. Rxf8 Rxf8 39. Rxe3 Rf7 40. Rf3 Rxf3 41.
Qxf3 b6 42. Kf2 Kg8 43. Qf5 Qxf5+ 44. Bxf5 d5 45. Bf4 Ne8 46. h7+ 1-0

[Event "4NCL Online Division 4"]
[Site "online"]
[Date "2020.11.03"]
[Round "6.22"]
[White "Pike, Andrew"]
[Black "Dean, Robert A"]
[Result "1/2-1/2"]
[WhiteElo "1645"]
[BlackElo "1744"]
[PlyCount "121"]
[EventDate "2020.11.03"]
[WhiteTeam "Wigston 2"]
[BlackTeam "Bradford DCA Knights B"]

1. c4 c6 2. d4 d5 3. e3 Nf6 4. Nc3 e6 5. a3 Bd6 6. Nf3 Nbd7 7. Bd3 dxc4 8. Bxc4
b5 9. Bd3 Bb7 10. O-O a5 11. Bd2 b4 12. axb4 axb4 13. Rxa8 Qxa8 14. Ne4 Nxe4
15. Bxe4 Nf6 16. Bd3 c5 17. Bb5+ Ke7 18. dxc5 Bxc5 19. Be2 Rd8 20. Qc2 Bd6 21.
Qb3 Bd5 22. Qd1 Ne4 23. Bc1 Nc5 24. Qd4 Nb3 25. Qh4+ Kd7 26. Bb5+ Kc7 27. Be2
h6 28. Qh3 Kb6 29. Nd4 Nxd4 30. exd4 Rc8 31. Qd3 Bc4 32. Qe3 Qd5 33. Bxc4 Rxc4
34. Rd1 Kc7 35. Qe2 Rxd4 36. Rxd4 Qxd4 37. Qc2+ Qc5 38. Qd2 g5 39. g3 f5 40.
Qe1 e5 41. Be3 Qc2 42. Qa1 Qc6 43. Qa7+ Qb7 44. Qa5+ Kd7 45. Qa4+ Ke7 46. Qb3
Qe4 47. Qa2 f4 48. Qa7+ Kf6 49. gxf4 exf4 50. Bd4+ Kg6 51. Qg7+ Kh5 52. Qf7+
Kh4 53. Qg7 Qb1+ 54. Kg2 Qe4+ 55. Kg1 Qe1+ 56. Kg2 h5 57. Bf6 Qe4+ 58. Kg1 Qe1+
59. Kg2 Qe4+ 60. Kg1 Qe1+ 61. Kg2 1/2-1/2

[Event "4NCL Online Division 4"]
[Site "online"]
[Date "2020.11.03"]
[Round "6.23"]
[White "Ibbitson, Anthony"]
[Black "Mottram, Paul"]
[Result "1-0"]
[WhiteElo "1735"]
[BlackElo "1592"]
[PlyCount "79"]
[EventDate "2020.11.03"]
[WhiteTeam "Bradford DCA Knights B"]
[BlackTeam "Wigston 2"]

1. e4 c6 2. Nc3 d5 3. Nf3 Bg4 4. h3 Bxf3 5. Qxf3 e6 6. Be2 Nf6 7. O-O Be7 8. d3
d4 9. Nb1 O-O 10. Nd2 Qc7 11. a4 a5 12. Nc4 b5 13. Bf4 Qb7 14. axb5 Qxb5 15.
Qg3 Re8 16. b3 Nbd7 17. Bh6 g6 18. f4 Nh5 19. Qf2 c5 20. Bxh5 Bf8 21. Bxf8 Rxf8
22. Bg4 f5 23. Be2 a4 24. Rxa4 Rxa4 25. bxa4 Qxa4 26. exf5 exf5 27. Bf3 Nf6 28.
Re1 Re8 29. Qh4 Rxe1+ 30. Qxe1 Qd7 31. Qe5 Kg7 32. Qxc5 Nh5 33. Qe5+ Nf6 34. g3
Qa7 35. g4 fxg4 36. hxg4 Qa1+ 37. Kg2 Qc3 38. g5 Qxc2+ 39. Kg3 Qc1 40. Qxf6+
1-0

[Event "4NCL Online Division 4"]
[Site "online"]
[Date "2020.11.03"]
[Round "6.31"]
[White "Whatmore, Steve"]
[Black "Alvares, Owen"]
[Result "1-0"]
[WhiteElo "1825"]
[BlackElo "1810"]
[PlyCount "99"]
[EventDate "2020.11.03"]
[WhiteTeam "Rugeley Rangers"]
[BlackTeam "Catford Cosmonauts 3"]

1. d4 d5 2. Nf3 c6 3. c4 dxc4 4. e3 b5 5. a4 Nf6 6. axb5 cxb5 7. b3 Qc7 8. bxc4
bxc4 9. Qa4+ Bd7 10. Qxc4 Qc6 11. Ne5 Qxc4 12. Bxc4 e6 13. O-O Nc6 14. Nxd7
Nxd7 15. Bb5 Ncb8 16. Bd2 Bd6 17. Rc1 O-O 18. Nc3 Rc8 19. Ne4 Rxc1+ 20. Rxc1
Bf8 21. Rc8 Nb6 22. Rd8 a5 23. Bc1 Nd5 24. Bc6 Ra6 25. Bxd5 exd5 26. Rxb8 g6
27. Nc5 Rc6 28. Ra8 a4 29. Ba3 Kg7 30. Rxa4 Rb6 31. g3 Rb1+ 32. Kg2 Ra1 33.
Ne6+ fxe6 34. Bxf8+ Kxf8 35. Rxa1 Kf7 36. Ra7+ Kf6 37. Rxh7 g5 38. f3 Kf5 39.
h4 e5 40. dxe5 Kxe5 41. hxg5 Kf5 42. f4 Kg6 43. Rd7 Kf5 44. Rxd5+ Kg4 45. e4
Kh5 46. e5 Kg6 47. e6 Kg7 48. Rf5 Kg6 49. g4 Kg7 50. e7 1-0

[Event "4NCL Online Division 4"]
[Site "online"]
[Date "2020.11.03"]
[Round "6.32"]
[White "Oyvat, Cem"]
[Black "Carr, Matthew"]
[Result "1-0"]
[WhiteElo "1735"]
[BlackElo "1705"]
[PlyCount "69"]
[EventDate "2020.11.03"]
[WhiteTeam "Catford Cosmonauts 3"]
[BlackTeam "Rugeley Rangers"]

1. d4 d5 2. Bf4 Bf5 3. e3 e6 4. c3 Nf6 5. Nd2 Nc6 6. Ngf3 Bd6 7. Bg3 Qe7 8. Ne5
Bxe5 9. dxe5 Nd7 10. f4 O-O 11. Nb3 Nc5 12. Nxc5 Qxc5 13. Bf2 Be4 14. Rg1 f5
15. exf6 Rxf6 16. Bd3 Rd8 17. Qc2 e5 18. g3 exf4 19. gxf4 Re6 20. O-O-O Rdd6
21. Bxe4 dxe4 22. Kb1 Qf5 23. Rg5 Qh3 24. f5 Rf6 25. Rdg1 g6 26. Qxe4 Kf7 27.
Bg3 Rxf5 28. Rxf5+ gxf5 29. Qc4+ Kf6 30. Bxd6 Qxe3 31. Qh4+ Kf7 32. Qxh7+ Ke6
33. Rg6+ Kd5 34. Qf7+ Ke4 35. Re6+ 1-0

[Event "4NCL Online Division 4"]
[Site "online"]
[Date "2020.11.03"]
[Round "6.33"]
[White "Sullivan, Luke"]
[Black "Sedykh, Stakhey"]
[Result "0-1"]
[WhiteElo "1525"]
[BlackElo "1780"]
[PlyCount "90"]
[EventDate "2020.11.03"]
[WhiteTeam "Rugeley Rangers"]
[BlackTeam "Catford Cosmonauts 3"]

1. Nf3 c5 2. c4 Nc6 3. Nc3 g6 4. d3 Bg7 5. Bf4 d6 6. h3 Nf6 7. e3 e5 8. Bg5 h6
9. Bh4 O-O 10. Be2 Be6 11. g4 Qb6 12. Qd2 Nd7 13. Ne4 Qc7 14. Nc3 a6 15. e4
Rab8 16. Bg3 b5 17. cxb5 axb5 18. a4 bxa4 19. Rxa4 Rb7 20. O-O Rfb8 21. Rb1 Rb3
22. Bd1 R3b7 23. Kg2 Nb4 24. Ne1 Nb6 25. Ra3 c4 26. Nb5 Qc5 27. Nc3 cxd3 28.
Nxd3 Nxd3 29. Qxd3 Nc4 30. Na4 Qb4 31. Rc3 Qa5 32. Rxc4 Bxc4 33. Qxc4 Rb4 34.
Qc2 Qa8 35. f3 Rc8 36. Nc3 Qb7 37. Qe2 Rxc3 38. Be1 Rcc4 39. Bxb4 Rxb4 40. Qd2
Qb6 41. b3 Kh7 42. Qd5 Rd4 43. Qxf7 Rd2+ 44. Kh1 Qf2 45. Qf4 Qg2# 0-1

[Event "4NCL Online Division 4"]
[Site "online"]
[Date "2020.11.03"]
[Round "6.34"]
[White "Foreman, Anthony"]
[Black "Wood, Ryan"]
[Result "0-1"]
[WhiteElo "1570"]
[BlackElo "1390"]
[PlyCount "74"]
[EventDate "2020.11.03"]
[WhiteTeam "Catford Cosmonauts 3"]
[BlackTeam "Rugeley Rangers"]

1. Nf3 d5 2. e3 Nc6 3. d4 Nf6 4. c4 e6 5. a3 Bd6 6. c5 Be7 7. Bd3 Bd7 8. b4 a6
9. Bb2 b6 10. O-O O-O 11. Qc2 Na7 12. Bxa6 b5 13. Ne5 c6 14. a4 Qb8 15. axb5
cxb5 16. Nc3 Nc6 17. Qb3 Nxe5 18. dxe5 Ng4 19. Qd1 Nxe5 20. Bxb5 Bxb5 21. Nxb5
Qxb5 22. Bxe5 Qxb4 23. Rb1 Qxc5 24. Qg4 g6 25. Qh3 Bd6 26. Bf6 Be7 27. Be5 f5
28. Rfc1 Qa3 29. Rc7 Rf7 30. Rbc1 Bf6 31. Rc8+ Rxc8 32. Rxc8+ Rf8 33. Rxf8+
Kxf8 34. Qh6+ Ke8 35. f4 Qxe3+ 36. Kf1 Bxe5 37. fxe5 Qxh6 0-1

[Event "4NCL Online Division 4"]
[Site "online"]
[Date "2020.11.03"]
[Round "6.41"]
[White "Goss, Alex"]
[Black "Robbings, Andrew MJ"]
[Result "1-0"]
[WhiteElo "1828"]
[BlackElo "1975"]
[PlyCount "95"]
[EventDate "2020.11.03"]
[WhiteTeam "Gondaga"]
[BlackTeam "Wantage"]

1. e4 e6 2. d4 d5 3. Nd2 Nf6 4. e5 Ng8 5. Bd3 Qd7 6. Ne2 b6 7. O-O Ba6 8. Nb3
h5 9. f4 Bxd3 10. Qxd3 Ne7 11. c4 c6 12. Be3 h4 13. a4 Nf5 14. Bf2 dxc4 15.
Qxc4 Qd5 16. Qxd5 cxd5 17. Rac1 Kd7 18. a5 Be7 19. Nc3 Nc6 20. Nb5 Rhc8 21.
axb6 axb6 22. Ra1 Na5 23. Nxa5 Rxa5 24. Rxa5 bxa5 25. Ra1 Bb4 26. g4 hxg3 27.
hxg3 Rc2 28. Rb1 Bd2 29. Na3 Rc1+ 30. Kg2 a4 31. Kf3 Rxb1 32. Nxb1 Bc1 33. g4
Bxb2 34. gxf5 exf5 35. Be1 a3 36. Nc3 Kc6 37. Ke2 Bxc3 38. Bxc3 Kb5 39. Kd3 a2
40. Kc2 Kc4 41. Ba1 g6 42. Bb2 Kb4 43. Ba1 Kc4 44. Bc3 Kb5 45. Kb3 g5 46. fxg5
f4 47. e6 fxe6 48. Kxa2 1-0

[Event "4NCL Online Division 4"]
[Site "online"]
[Date "2020.11.03"]
[Round "6.42"]
[White "Litwiniec, Miroslawa"]
[Black "Casey, Gerry"]
[Result "1-0"]
[WhiteElo "1817"]
[BlackElo "1672"]
[PlyCount "121"]
[EventDate "2020.11.03"]
[WhiteTeam "Wantage"]
[BlackTeam "Gondaga"]

1. e4 c5 2. Nf3 Nc6 3. d4 cxd4 4. Nxd4 Nf6 5. Nc3 e5 6. Nb3 Bb4 7. f3 O-O 8.
Bc4 h6 9. O-O Bxc3 10. bxc3 d5 11. exd5 Qb6+ 12. Kh1 Rd8 13. Re1 Qc7 14. Ba3
Na5 15. Nxa5 Qxa5 16. Be7 Re8 17. Rxe5 Qxc3 18. Bxf6 Rxe5 19. Bxe5 Qxe5 20. Rb1
b6 21. Qd2 Bb7 22. Re1 Qd6 23. Bb3 Rd8 24. c4 Qc5 25. Rd1 Qd6 26. Qd3 Re8 27.
Bc2 g6 28. Qd2 Kg7 29. Qd4+ Kh7 30. h3 Bc8 31. Qh4 Re5 32. Qg3 Qf6 33. d6 Bd7
34. Rd5 Re2 35. Bb3 Qa1+ 36. Rd1 Qf6 37. Rd5 Bc6 38. Rd1 Bd7 39. Kg1 Re5 40.
Kf1 Rg5 41. Qf2 Qf4 42. Rd4 Qh2 43. h4 Re5 44. Re4 Qh1+ 45. Ke2 Qh2 46. g3
Qxf2+ 47. Kxf2 Rxe4 48. fxe4 f6 49. Ke3 f5 50. exf5 gxf5 51. Kd4 Kg7 52. Ke5 h5
53. Bd1 Kg6 54. Kd5 Kh6 55. c5 bxc5 56. Kxc5 Kg6 57. Bf3 Kf6 58. Bxh5 Ke5 59.
Bf3 f4 60. gxf4+ Kxf4 61. Bc6 1-0

[Event "4NCL Online Division 4"]
[Site "online"]
[Date "2020.11.03"]
[Round "6.43"]
[White "Murray, Sam"]
[Black "Hemmings, Peter J"]
[Result "1-0"]
[WhiteElo "1621"]
[BlackElo "1607"]
[PlyCount "41"]
[EventDate "2020.11.03"]
[WhiteTeam "Gondaga"]
[BlackTeam "Wantage"]

1. e4 e5 2. Nf3 Nc6 3. d4 Nxd4 4. Nxd4 exd4 5. Qxd4 Qf6 6. Be3 d6 7. Nc3 Qxd4
8. Bxd4 a6 9. O-O-O Be6 10. f4 Ne7 11. f5 Bd7 12. Bc4 Nc6 13. Rhe1 Ne5 14. Bb3
c6 15. Bxe5 dxe5 16. Bxf7+ Ke7 17. Bb3 Be8 18. g4 g6 19. g5 gxf5 20. exf5 Bh5
21. Rxe5# 1-0

[Event "4NCL Online Division 4"]
[Site "online"]
[Date "2020.11.03"]
[Round "6.44"]
[White "Richards, Simon A"]
[Black "Tempany, Max"]
[Result "1-0"]
[WhiteElo "1600"]
[BlackElo "1617"]
[PlyCount "59"]
[EventDate "2020.11.03"]
[WhiteTeam "Wantage"]
[BlackTeam "Gondaga"]

1. e4 c5 2. Nf3 d6 3. d4 cxd4 4. Nxd4 Nf6 5. Nc3 a6 6. Bg5 e6 7. f4 h6 8. Bh4
Qb6 9. Qd2 Qxb2 10. Rb1 Qa3 11. Bxf6 gxf6 12. Bb5+ axb5 13. Ndxb5 Qc5 14. Rb3
Bd7 15. Nd4 Nc6 16. Nf3 f5 17. exf5 Qxf5 18. Rxb7 Rb8 19. Rxb8+ Nxb8 20. O-O
Qc5+ 21. Kh1 Bg7 22. Ne4 Qb5 23. Nxd6+ Ke7 24. Nxb5 Bxb5 25. Rb1 Bd7 26. Qb4+
Kf6 27. Qd4+ Kg6 28. Ne5+ Bxe5 29. Qxe5 Rd8 30. Rxb8 1-0

[Event "4NCL Online Division 4"]
[Site "online"]
[Date "2020.11.03"]
[Round "6.52"]
[White "Madhavan, Sanjith"]
[Black "Pines, Chris"]
[Result "1-0"]
[WhiteElo "1498"]
[BlackElo "1555"]
[PlyCount "87"]
[EventDate "2020.11.03"]
[WhiteTeam "East Kilbride Strollers"]
[BlackTeam "St Albans 2"]

1. e4 e5 2. Nf3 d6 3. d4 Bg4 4. dxe5 Nc6 5. exd6 Bxd6 6. Be2 Qe7 7. Nc3 Bb4 8.
Bd3 Ne5 9. Bd2 Rd8 10. Qe2 Nxd3+ 11. cxd3 Nf6 12. a3 Ba5 13. O-O O-O 14. h3 Be6
15. Bg5 h6 16. Bh4 Qd7 17. d4 c6 18. Rad1 Bxh3 19. Ne5 Bg4 20. Nxd7 Bxe2 21.
Nxf6+ gxf6 22. Nxe2 Kg7 23. Rd3 Bc7 24. Rfd1 Rd7 25. Bg3 Bd8 26. Nf4 Re8 27. f3
Bc7 28. Nh5+ Kg6 29. Bxc7 Rxc7 30. Ng3 a6 31. d5 cxd5 32. exd5 Rd8 33. d6 Rcd7
34. Ne4 f5 35. Nc5 Kf6 36. Nxd7+ Rxd7 37. Re1 h5 38. Re7 Rxe7 39. dxe7 Kxe7 40.
Kf2 h4 41. Ke3 Ke6 42. Kf4 f6 43. Re3+ Kd5 44. Kxf5 1-0

[Event "4NCL Online Division 4"]
[Site "online"]
[Date "2020.11.03"]
[Round "6.53"]
[White "Price, Liam"]
[Black "Peakman, Jonlee"]
[Result "1-0"]
[WhiteElo "1532"]
[BlackElo "1261"]
[PlyCount "65"]
[EventDate "2020.11.03"]
[WhiteTeam "St Albans 2"]
[BlackTeam "East Kilbride Strollers"]

1. d4 d5 2. c4 e6 3. Nc3 Nf6 4. Bg5 Bb4 5. a3 Be7 6. e3 b6 7. Nf3 Bb7 8. Bd3
dxc4 9. Bxc4 O-O 10. O-O h6 11. Bh4 c5 12. dxc5 Qc7 13. Rc1 Nbd7 14. Bg3 Qxc5
15. Qe2 Bxf3 16. gxf3 Bd6 17. b4 Qc6 18. Bb5 Qb7 19. Bxd6 Rfe8 20. Ne4 Nxe4 21.
fxe4 a6 22. Bc6 Qa7 23. Bxa8 Qxa8 24. e5 Nf8 25. Bxf8 Rxf8 26. f4 Qe4 27. Rfd1
Qg6+ 28. Kf2 Qf5 29. Qf3 f6 30. exf6 Qxf6 31. Kg1 e5 32. Qd5+ Kh8 33. Qxe5 1-0

[Event "4NCL Online Division 4"]
[Site "online"]
[Date "2020.11.03"]
[Round "6.61"]
[White "Fairclough, William"]
[Black "Rizvi, Nasir"]
[Result "0-1"]
[WhiteElo "1465"]
[BlackElo "1989"]
[PlyCount "150"]
[EventDate "2020.11.03"]
[WhiteTeam "Manchester Juniors B"]
[BlackTeam "4 Gems"]

1. d4 Nf6 2. Bf4 g6 3. Nf3 Bg7 4. Nc3 d5 5. e3 O-O 6. Bd3 c5 7. dxc5 Nc6 8. O-O
Bg4 9. Be2 Qa5 10. Nxd5 Rfd8 11. c4 Qxc5 12. Qb3 Na5 13. Nxf6+ Bxf6 14. Qc2 b5
15. Rac1 bxc4 16. Bxc4 Qb4 17. b3 Rac8 18. Be5 Bxf3 19. Bxf6 exf6 20. gxf3 Nxc4
21. bxc4 Rc5 22. Qe4 Rdc8 23. Rfd1 Rxc4 24. Rxc4 Qxc4 25. Qe7 Qxa2 26. Qxf6 a5
27. Rd8+ Rxd8 28. Qxd8+ Kg7 29. Qd4+ f6 30. Qd7+ Qf7 31. Qa4 Qd5 32. Kg2 Qg5+
33. Kf1 Qf5 34. Ke2 h5 35. e4 Qe5 36. Qd7+ Kh6 37. Ke3 g5 38. Qd8 Qxh2 39. Qxa5
Qf4+ 40. Ke2 g4 41. Qa3 gxf3+ 42. Qxf3 Kg5 43. Qg2+ Qg4+ 44. Qxg4+ Kxg4 45. Kf1
Kf3 46. Kg1 h4 47. Kh2 Kxf2 48. Kh3 Kf3 49. Kxh4 Kxe4 50. Kg3 Ke3 51. Kg4 Ke4
52. Kg3 f5 53. Kg2 Ke3 54. Kg1 f4 55. Kf1 Kf3 56. Ke1 Kg2 57. Kd1 f3 58. Kc2 f2
59. Kc3 f1=Q 60. Kd4 Qe2 61. Kd5 Qe3 62. Kc4 Kf3 63. Kd5 Kf4 64. Kc4 Qd2 65.
Kc5 Qd3 66. Kc6 Qd4 67. Kb5 Qc3 68. Kb6 Qc4 69. Ka5 Qb3 70. Ka6 Qb4 71. Ka7 Qb5
72. Ka8 Ke5 73. Ka7 Kd6 74. Ka8 Kc7 75. Ka7 Qa5# 0-1

[Event "4NCL Online Division 4"]
[Site "online"]
[Date "2020.11.03"]
[Round "6.62"]
[White "Damodaran, Patrick"]
[Black "Correa, Rebecca"]
[Result "1-0"]
[WhiteElo "1498"]
[BlackElo "1435"]
[PlyCount "69"]
[EventDate "2020.11.03"]
[WhiteTeam "4 Gems"]
[BlackTeam "Manchester Juniors B"]

1. d4 Nf6 2. c4 g6 3. Nc3 Bg7 4. e4 d6 5. f4 Nbd7 6. e5 dxe5 7. fxe5 Ng8 8. Nf3
Nb6 9. Bd3 f6 10. c5 Nd5 11. Ne4 fxe5 12. dxe5 Nb4 13. Qa4+ c6 14. Qxb4 Qxd3
15. Bf4 a5 16. Qa4 Bf5 17. Nf2 Qd5 18. Qb3 Qxb3 19. axb3 e6 20. b4 a4 21. Ke2
Ne7 22. Nd4 Nd5 23. g3 Nxb4 24. g4 Bc2 25. Nxe6 Bf8 26. Nc7+ Kd7 27. e6+ Kc8
28. Nxa8 Bxc5 29. Bd2 Nd5 30. Rac1 Bxf2 31. Kxf2 Rf8+ 32. Kg3 Bd3 33. Ba5 Re8
34. Rhd1 Bb5 35. Rxd5 1-0

[Event "4NCL Online Division 4"]
[Site "online"]
[Date "2020.11.03"]
[Round "6.63"]
[White "Eccleston, Bryony"]
[Black "Whelan, Joseph"]
[Result "1-0"]
[WhiteElo "1405"]
[BlackElo "1358"]
[PlyCount "107"]
[EventDate "2020.11.03"]
[WhiteTeam "Manchester Juniors B"]
[BlackTeam "4 Gems"]

1. d4 Nf6 2. Bf4 d5 3. e3 a6 4. Nf3 Nc6 5. c4 Bf5 6. Nc3 e6 7. a3 Be7 8. Be2
O-O 9. h3 h6 10. O-O Qd7 11. Ne5 Nxe5 12. Bxe5 Bg6 13. Qb3 c6 14. Rac1 Rac8 15.
Rfd1 Rfd8 16. c5 Ne4 17. Na4 b6 18. Nxb6 Qb7 19. Qa4 Rb8 20. Bxb8 Qxb8 21. Qxa6
Bh4 22. Rf1 Nd2 23. Rfd1 Bxf2+ 24. Kxf2 Ne4+ 25. Kg1 Qg3 26. Rf1 Qxe3+ 27. Kh2
Qg3+ 28. Kg1 Bf5 29. Rf3 Qg5 30. Rd1 Nf6 31. Bd3 Ne4 32. Bxe4 Bxe4 33. Rf2 Kh7
34. Qb7 Bg6 35. Qxc6 Bf5 36. Qc7 Qg6 37. Qxd8 Bxh3 38. c6 Qg4 39. Rd3 Bxg2 40.
Rxg2 Qe4 41. Rdg3 Qxd4+ 42. Kh2 g5 43. Qe7 Qh4+ 44. Kg1 Qd4+ 45. Rf2 Qd1+ 46.
Kg2 Qh5 47. Qxf7+ Qxf7 48. Rxf7+ Kg6 49. Rgf3 Kh5 50. Rg7 d4 51. c7 d3 52. Rxd3
e5 53. c8=Q e4 54. Qh3# 1-0

[Event "4NCL Online Division 4"]
[Site "online"]
[Date "2020.11.03"]
[Round "6.64"]
[White "Gogia, Abeer"]
[Black "Correa, Edward"]
[Result "1-0"]
[WhiteElo "1324"]
[BlackElo "1262"]
[PlyCount "59"]
[EventDate "2020.11.03"]
[WhiteTeam "4 Gems"]
[BlackTeam "Manchester Juniors B"]

1. e4 c5 2. Nc3 e6 3. f4 d6 4. Nf3 Nc6 5. Bb5 Bd7 6. Bxc6 Bxc6 7. d3 a6 8. O-O
Qc7 9. Be3 Nf6 10. Qe1 Be7 11. Qg3 Rg8 12. a3 h6 13. Qf2 Ng4 14. Qe2 Nxe3 15.
Qxe3 g5 16. fxg5 hxg5 17. Nd2 f6 18. Rf2 O-O-O 19. Raf1 Rdf8 20. g3 d5 21. exd5
exd5 22. d4 cxd4 23. Qxd4 Qd8 24. b4 b6 25. Rf5 a5 26. Nxd5 Kb7 27. Nb3 axb4
28. axb4 Bxd5 29. Rxd5 Qc7 30. Rd7 1-0

[Event "4NCL Online Division 4"]
[Site "online"]
[Date "2020.11.03"]
[Round "6.71"]
[White "Ball, Matthew P"]
[Black "Hooker, Steve"]
[Result "1-0"]
[WhiteElo "1690"]
[BlackElo "1960"]
[PlyCount "65"]
[EventDate "2020.11.03"]
[WhiteTeam "Doughnuts of Doom"]
[BlackTeam "Dorking Casuals"]

1. d4 g6 2. h4 Bg7 3. h5 c5 4. d5 Qb6 5. Nc3 e6 6. e4 Qb4 7. Bd2 exd5 8. exd5
Nf6 9. h6 Bf8 10. Qe2+ Kd8 11. Bg5 Qb6 12. Ne4 Be7 13. d6 Qb4+ 14. Kd1 Qxe4 15.
Qxe4 Nxe4 16. Bxe7+ Ke8 17. Nh3 Nc6 18. Bh4 Nxd6 19. Bf6 Rg8 20. Ng5 Nf5 21.
Nxh7 d5 22. g4 Nd6 23. Bg7 Bxg4+ 24. Be2 Bxe2+ 25. Kxe2 Ne4 26. Nf6+ Nxf6 27.
Bxf6 Kd7 28. h7 Rh8 29. Kd2 Nd4 30. c3 Ke6 31. Bxh8 Nf3+ 32. Ke3 Rxh8 33. Kxf3
1-0

[Event "4NCL Online Division 4"]
[Site "online"]
[Date "2020.11.03"]
[Round "6.72"]
[White "Collins, Anthony S"]
[Black "Smith, David W"]
[Result "1-0"]
[WhiteElo "1716"]
[BlackElo "1690"]
[PlyCount "91"]
[EventDate "2020.11.03"]
[WhiteTeam "Dorking Casuals"]
[BlackTeam "Doughnuts of Doom"]

1. e4 d6 2. d4 Nf6 3. Nc3 g6 4. Nf3 Bg7 5. Be2 O-O 6. h3 Nc6 7. Be3 e5 8. O-O
exd4 9. Nxd4 Bd7 10. Qd2 Re8 11. f3 Nh5 12. Nxc6 Bxc6 13. Bd4 Ng3 14. Rfe1
Nxe2+ 15. Nxe2 Bf8 16. c4 Qh4 17. b4 Bd7 18. Qf4 Qxf4 19. Nxf4 c6 20. Bf6 Bh6
21. Nd3 Re6 22. Bc3 Rae8 23. c5 d5 24. e5 b6 25. g4 R6e7 26. f4 bxc5 27. bxc5
Rb8 28. Rab1 Ree8 29. Kf2 Kf8 30. Kf3 Bg7 31. Ba5 Rec8 32. a4 h5 33. Nb4 hxg4+
34. hxg4 Ke7 35. Na6 Rxb1 36. Rxb1 f6 37. Bc7 fxe5 38. Bd6+ Ke8 39. fxe5 Bh6
40. Rh1 Bg7 41. Re1 Kf7 42. Nc7 Be6 43. Rb1 d4 44. Rb7 Bh6 45. Nd5+ Kg8 46.
Nf6+ 1-0

[Event "4NCL Online Division 4"]
[Site "online"]
[Date "2020.11.03"]
[Round "6.73"]
[White "Ball, Katie C"]
[Black "Buckley, Keith"]
[Result "1-0"]
[WhiteElo "1532"]
[BlackElo "1637"]
[PlyCount "111"]
[EventDate "2020.11.03"]
[WhiteTeam "Doughnuts of Doom"]
[BlackTeam "Dorking Casuals"]

1. d4 Nf6 2. Nc3 d5 3. Bf4 a6 4. e3 Nc6 5. Bd3 Bg4 6. f3 Be6 7. g4 Nb4 8. h4
Nxd3+ 9. Qxd3 Qd7 10. Nge2 g6 11. Be5 Rg8 12. Ng3 O-O-O 13. O-O-O Ne8 14. Nge2
Nd6 15. Kb1 f6 16. Bg3 Bf7 17. Nc1 e6 18. Nb3 Qc6 19. Nc5 Nc4 20. Nb3 Be7 21.
e4 Rge8 22. Rhe1 b5 23. exd5 exd5 24. Re2 b4 25. Rde1 Bd6 26. Bxd6 cxd6 27. Nd1
a5 28. c3 a4 29. Nd2 Nxd2+ 30. Qxd2 b3 31. a3 Rxe2 32. Rxe2 Re8 33. Qe1 Kd8 34.
Rxe8+ Qxe8 35. Qxe8+ Bxe8 36. Ne3 Bc6 37. Kc1 Ke7 38. Kd2 Ke6 39. f4 f5 40. g5
Bb5 41. Ng2 Bf1 42. Ne3 Bc4 43. Ng2 Kf7 44. Ne3 Kg7 45. Nxc4 dxc4 46. d5 Kf7
47. Ke3 Ke7 48. Kd4 Kd7 49. Kxc4 Kc7 50. Kb5 Kb7 51. c4 Kc7 52. Kxa4 Kb6 53.
Kb4 Ka6 54. c5 Kb7 55. cxd6 Kc8 56. Kc5 1-0

[Event "4NCL Online Division 4"]
[Site "online"]
[Date "2020.11.03"]
[Round "6.74"]
[White "Davies, Will"]
[Black "Ball, Charlie"]
[Result "0-1"]
[WhiteElo "1547"]
[BlackElo "1600"]
[PlyCount "70"]
[EventDate "2020.11.03"]
[WhiteTeam "Dorking Casuals"]
[BlackTeam "Doughnuts of Doom"]

1. e4 d6 2. d4 Nf6 3. Nc3 Nbd7 4. Be3 e5 5. Bc4 Be7 6. Nf3 O-O 7. Qd3 c6 8. d5
Qc7 9. O-O-O b5 10. Bb3 a5 11. a3 b4 12. axb4 axb4 13. Nb1 Ba6 14. Bc4 Bxc4 15.
Qxc4 c5 16. Nfd2 Rfb8 17. Rdg1 Nb6 18. Qf1 Ng4 19. Qe2 Nxe3 20. Qxe3 c4 21. c3
bxc3 22. Nxc3 Na4 23. Nxa4 Rxa4 24. Kc2 Ra2 25. Qc3 Bg5 26. Rb1 Bxd2 27. Kxd2
Rb3 28. Qc2 Qa5+ 29. Kc1 Qb4 30. h4 c3 31. Rh3 Raxb2 32. Rxb2 cxb2+ 33. Kb1
Qe1+ 34. Ka2 b1=Q+ 35. Qxb1 Qxb1# 0-1

[Event "4NCL Online Division 4"]
[Site "online"]
[Date "2020.11.03"]
[Round "6.81"]
[White "Tyton, Adam"]
[Black "Arora, Tashika"]
[Result "1/2-1/2"]
[WhiteElo "1915"]
[BlackElo "1855"]
[PlyCount "69"]
[EventDate "2020.11.03"]
[WhiteTeam "Bolton and Worsley"]
[BlackTeam "Oxford 3"]

1. e4 c5 2. Nf3 d6 3. Bb5+ Bd7 4. Bxd7+ Qxd7 5. O-O Nf6 6. Qe2 Nc6 7. c3 e6 8.
d4 cxd4 9. cxd4 d5 10. e5 Ne4 11. Nbd2 Nxd2 12. Bxd2 Be7 13. Rac1 O-O 14. Rc3
Rfc8 15. Rfc1 a6 16. h4 Bb4 17. Rd3 Bxd2 18. Qxd2 Rc7 19. Rdc3 Rac8 20. Qc2 h6
21. Qd2 Ne7 22. Rxc7 Rxc7 23. Rxc7 Qxc7 24. g3 Kf8 25. Qb4 Ke8 26. Kg2 Kd7 27.
Qd2 Nc6 28. Qc2 g6 29. Qd2 h5 30. Qf4 Kc8 31. Ng5 Nd8 32. Qd2 Nc6 33. Qf4 Nd8
34. Qd2 Nc6 35. Qf4 1/2-1/2

[Event "4NCL Online Division 4"]
[Site "online"]
[Date "2020.11.03"]
[Round "6.82"]
[White "Evans, Christopher J"]
[Black "McElvenny, Damien"]
[Result "0-1"]
[WhiteElo "1847"]
[BlackElo "1885"]
[PlyCount "56"]
[EventDate "2020.11.03"]
[WhiteTeam "Oxford 3"]
[BlackTeam "Bolton and Worsley"]

1. e4 c5 2. Nf3 d6 3. d4 cxd4 4. Nxd4 Nf6 5. Nc3 a6 6. Bg5 Nbd7 7. f4 e6 8. Qf3
Be7 9. O-O-O Qc7 10. g4 O-O 11. h4 b5 12. Bxf6 Bxf6 13. g5 Bxd4 14. Rxd4 Bb7
15. h5 f5 16. gxf6 Nxf6 17. Bh3 Rae8 18. Rhd1 e5 19. Rxd6 b4 20. Ne2 Qc4 21.
Qb3 Qxb3 22. axb3 Nxe4 23. Rd7 Bc8 24. R7d3 Bxh3 25. Rxh3 Nf2 26. Rf3 Nxd1 27.
Kxd1 exf4 28. Nxf4 Re4 0-1

[Event "4NCL Online Division 4"]
[Site "online"]
[Date "2020.11.03"]
[Round "6.83"]
[White "Kumar, Jamie"]
[Black "Bush, Ian"]
[Result "1-0"]
[WhiteElo "1600"]
[BlackElo "1862"]
[PlyCount "59"]
[EventDate "2020.11.03"]
[WhiteTeam "Bolton and Worsley"]
[BlackTeam "Oxford 3"]

1. d4 Nf6 2. c4 c5 3. d5 e6 4. Nc3 exd5 5. cxd5 d6 6. e4 g6 7. f4 Bg7 8. Bb5+
Nfd7 9. a4 O-O 10. Nf3 Na6 11. O-O Nb4 12. Re1 a6 13. Bf1 Re8 14. Qb3 f5 15. e5
dxe5 16. d6+ Kh8 17. Ng5 Qf6 18. fxe5 Nxe5 19. Rxe5 Rxe5 20. Nf7+ Kg8 21. Nxe5+
Be6 22. Qxe6+ Qxe6 23. Bc4 Qxc4 24. Nxc4 Bd4+ 25. Kf1 Nc2 26. Rb1 Bf6 27. Nd5
Kf7 28. Nxf6 Kxf6 29. a5 Nd4 30. Bf4 1-0

[Event "4NCL Online Division 4"]
[Site "online"]
[Date "2020.11.03"]
[Round "6.84"]
[White "Murawski, Jan"]
[Black "Busznyak, Arpad"]
[Result "0-1"]
[WhiteElo "1622"]
[BlackElo "1547"]
[PlyCount "88"]
[EventDate "2020.11.03"]
[WhiteTeam "Oxford 3"]
[BlackTeam "Bolton and Worsley"]

1. d4 d5 2. c4 e6 3. Nc3 Nf6 4. Bg5 Be7 5. Nf3 c6 6. e3 O-O 7. c5 b6 8. b4 Nbd7
9. a4 a5 10. b5 Bb7 11. bxc6 Bxc6 12. cxb6 Nxb6 13. Rb1 Bb4 14. Qc2 h6 15. Bf4
Ne4 16. Rb3 Bxa4 17. Nd2 Bxc3 18. Kd1 Bxd2 19. Bc7 Bxb3 20. Qxb3 Qxc7 21. Ke2
Bb4 22. f3 Nd2 23. Qd3 e5 24. dxe5 Qxe5 25. f4 Qe4 26. Qxe4 Nxe4 27. Kf3 Bd2
28. Bd3 Rfe8 29. Rd1 Bxe3 30. Kxe3 Nc3+ 31. Kd2 Nxd1 32. Kxd1 Nc4 33. f5 Ne3+
34. Kc1 Nxg2 35. f6 Nf4 36. Bb1 Rab8 37. fxg7 Re1+ 38. Kc2 Rbxb1 39. Kc3 Re4
40. Kd2 Rb2+ 41. Kc3 Rf2 42. Kb3 Rf3+ 43. Kc2 Re2+ 44. Kd1 Rf1# 0-1